Asas-asas pendidikan : satu pengenalan
| Main Author: | |
|---|---|
| Format: | Book |
| Published: |
Petaling Jaya :
Flo Enterprise Snd Bhd. ,
1990
|
| Subjects: |
MARC
| LEADER | 00000cam a2200000 7i4500 | ||
|---|---|---|---|
| 001 | 0000015836 | ||
| 002 | 000017298 | ||
| 005 | 20000330.0 | ||
| 020 | |a 9679710904 | ||
| 090 | 0 | 0 | |a 370.9595 |b MOH |
| 100 | 0 | |a Mohamed Nor Che'Nor |f Ph.D | |
| 245 | 1 | 0 | |a Asas-asas pendidikan : |b satu pengenalan |c Mohamed Nor Che'Nor Ph.D |
| 260 | |a Petaling Jaya : |b Flo Enterprise Snd Bhd. , |c 1990 | ||
| 300 | |a 155p. ; |c 22cm. | ||
| 650 | 0 | 0 | |a Education |
| 999 | |a 021756 |b BUKU |c PINJAMAN |e PERPUSTAKAAN KOMUNITI PETALING JAYA | ||
| 999 | |a 021757 |b BUKU |c MALAYSIANA |e PERPUSTAKAAN KOMUNITI PETALING JAYA | ||